000 00596nam a2200217 a 4500
001 0001-1991
003 ELIB.Books
008 190205 2010 eng
020 _a11016701
092 _a305.3 Hal
100 _aHallencreutz, Katharina.
245 _aGender, Poverty and Church Involvement
260 _aSweden
_bElectronic Publishing Centre
_c2002
300 _a224
_c24 cm
650 _aGender Identity
856 _nKBTS Library
_uKBTS Elib
942 _2ddc
_cBK
990 _a1
998 _aEnglishbooks.elf
_ccat
_e2019-02-05
_mcat
_u2019-10-01
999 _c11991
_d11991